| 000 | 00535nam a22001817a 4500 | ||
|---|---|---|---|
| 999 |
_c15147 _d15147 |
||
| 003 | AR-CdUCM | ||
| 008 | 190426b ||||| |||| 00| 0 spa d | ||
| 040 |
_aMUNICIPALIDAD PROVINCIAL DEL CUSCO _cBIBLIOTECA MUNICIPAL DEL CUSCO |
||
| 082 |
_aC / 770.98 / _bV86 |
||
| 100 |
_aVon Foerster, Robert _934166 |
||
| 245 | _aJuan Mauricio Rugendas | ||
| 260 |
_aAlemania : _bRepublica federal de Alemania, |
||
| 300 |
_a09 páginas ; _c29 cm. |
||
| 650 |
_aArtista. _913411 |
||
| 650 |
_aArte. _9561 |
||
| 942 |
_2ddc _cFOLLETOS |
||
| 945 | _awfj | ||